| 000 -LEADER |
| fixed length control field |
01732cam a22002778i 4500 |
| 003 - CONTROL NUMBER IDENTIFIER |
| control field |
OSt |
| 005 - DATE AND TIME OF LATEST TRANSACTION |
| control field |
20260327170019.0 |
| 006 - FIXED-LENGTH DATA ELEMENTS--ADDITIONAL MATERIAL CHARACTERISTICS--GENERAL INFORMATION |
| fixed length control field |
m |o d | |
| 008 - FIXED-LENGTH DATA ELEMENTS--GENERAL INFORMATION |
| fixed length control field |
230824s2024 nju o 001 0 eng |
| 020 ## - INTERNATIONAL STANDARD BOOK NUMBER |
| Cancelled/invalid ISBN |
9781119803447 |
| Qualifying information |
(paperback) |
| 042 ## - AUTHENTICATION CODE |
| Authentication code |
pcc |
| 050 00 - LIBRARY OF CONGRESS CALL NUMBER |
| Classification number |
TH7703 |
| 082 00 - DEWEY DECIMAL CLASSIFICATION NUMBER |
| Classification number |
729/.28 |
| Edition number |
23/eng/20230909 |
| 100 1# - MAIN ENTRY--PERSONAL NAME |
| Personal name |
Karlen, Mark, |
| Relator term |
author. |
| 245 10 - TITLE STATEMENT |
| Title |
Lighting design basics / |
| Statement of responsibility, etc |
Mark Karlen, Christina Spangler. |
| 250 ## - EDITION STATEMENT |
| Edition statement |
Fourth edition. |
| 263 ## - PROJECTED PUBLICATION DATE |
| Projected publication date |
2402 |
| 300 ## - PHYSICAL DESCRIPTION |
| Extent |
1 online resource |
| 500 ## - GENERAL NOTE |
| General note |
Includes index. |
| 520 ## - SUMMARY, ETC. |
| Summary, etc |
"Lighting Design Basics is the essential guide to this basic, but difficult-to-master aspect of interior design. Offering fundamental concepts and prescriptive techniques in a highly visual format, the authors share clear, practical guidance on utilizing the latest in lighting techniques and technology to showcase a space without sacrificing utility. Showcasing more than 25 different design scenarios with in-depth rationale for proposed solutions, this book includes insightful distribution diagrams, floor plans, and details for lighting installation and construction. With immersive instruction through real-world settings, and practical guidance suited for immediate application in everyday projects, the book includes case studies that illustrate lighting design in residential, commercial, healthcare, education, and hospitality settings"-- |
| 650 #0 - SUBJECT ADDED ENTRY--TOPICAL TERM |
| Topical term or geographic name as entry element |
Lighting. |
| 650 #0 - SUBJECT ADDED ENTRY--TOPICAL TERM |
| Topical term or geographic name as entry element |
Lighting, Architectural and decorative. |
| 700 1# - ADDED ENTRY--PERSONAL NAME |
| Personal name |
Spangler, Christina, |
| Relator term |
author. |
| 776 08 - ADDITIONAL PHYSICAL FORM ENTRY |
| Display text |
Print version: |
| Main entry heading |
Karlen, Mark. |
| Title |
Lighting design basics |
| Edition |
Fourth edition. |
| Place, publisher, and date of publication |
Hoboken, New Jersey : John Wiley & Sons, Inc., [2024] |
| International Standard Book Number |
9781119803447 |
| Record control number |
(DLC) 2023039685 |
| 942 ## - ADDED ENTRY ELEMENTS (KOHA) |
| Source of classification or shelving scheme |
|